000 00774nam a2200229Ii 4500
003 JO-AjNU
008 230605s9999||||xx |||||||||||||| ||und||
017 _a2007/8/2023
020 _a9957-16-104-0
040 _aJO-AjNU
_bara
_erda
_cJO-AjNU
041 _aara
050 1 4 _aK135.4.Y3522.2010
100 3 _a ياملكي ، أكرم ,
_eauthor
_925340
245 0 0 _aالقانون التجاري الشركات " دراسة مقارنة "
250 _aط3
264 3 1 _aعمان : دار الثقافة ، 2010
300 _a511ص
336 _atext
_btxt
_2rdacontent
337 _aunmediated
_bn
_2rdamedia
338 _avolume
_bnc
_2rdacarrier
650 4 _aالقانون التجاري -- الأعمال التجارية -- قانون الشركات
_925341
999 _aA9465
_c13033
_d13033